000 00252nam a2200097Ia 4500
082 _aEKF BURG
245 0 _aLittle Duck on the moon
100 _a BURGESS, Mark [London], 2003
_993807
942 _cBK
008 210817s9999 xx 000 0 und d
999 _c383545
_d383544